Seher (Kayıt no. 9900)

MARC ayrıntıları
000 -BAŞLIK
Sabit Uzunlukta Kontrol Alanı 00660na a2200241 4500
001 - KONTROL NUMARASI
Denetim Alanı 23744
003 - KONTROL NUMARASI IDENTIFIER
Denetim Alanı MIRAKIL
005 - SON İŞLEM TARİHİ VE ZAMANI
Denetim Alanı 20181213155301.0
008 - SABİT-BOY VERİ ELEMANLARI - GENEL BİLGİLER
Sabit Uzunlukta Kontrol Alanı 171219b tu 000 0
020 ## - ULUSLARARASI STANDART KİTAP NUMARASI
Uluslararası Standart Kitap Numarası 9786052318003
040 ## - KATALOGLAMA KAYNAK
Orijinal Kataloglama Ajansı Milas
Kataloglama Dili tur
Metne Dönüştürmek Ajansı TR-AnCHP
041 ## - DİL KODU
Metin / Ses Parça Veya Ayrı Başlığın Dil Kodu tur
082 ## - DEWEY ONLU SINIFLANDIRMA NUMARASI
Sınıflandırma Numarası 813.42
Ürün Numarası D35s 2017
090 ## - SINIFLAMA NUMARASI
Sınıflama Numarası 813.42 D35s 2017
100 ## - ANA GİRİŞ - KİŞİSEL İSİM
Kişisel Ad Demirtaş, Selahattin
245 ## - BAŞLIK TABLOSU
Başlık Seher
Sorumluluk Tablosu, Vb Selahattin Demirtaş
260 ## - YAYIN, DAĞITIM, VB
Yayın, Dağıtım, Vb Yeri Ankara
Yayıncı, Dağıtıcı, Vs Adı Dipnot Yayınları
Yayın, Dağıtım, Vb Tarihi 2017
Üretici Firma Sözkesen matbaacılık
300 ## - FİZİKSEL TANIM
Kapsam 139 s.
Diğer Fiziksel Ayrıntıları Çiz.
Boyutlar 19 sm.
440 ## - SERİSİ TABLOSU / KATMA GİRİŞİ - BAŞLIK
Başlık Dipnot yayınları
Hacim / Ardışık Tanımı 274
490 ## - SERİSİ TABLOSU
Seri Beyanı Edebiyat
Hacim / Ardışık Tanımı 005
650 ## - KONU KATMA GİRİŞ - TOPİKAL DÖNEM
Topikal Süreli Veya Coğrafi Ad Giriş Elemanı Türk edebiyatı
Genel Alt Bölümü Hikayeler
942 ## - EKLENDİ GİRİŞ ELEMANLARI (KOHA)
Sınıflandırma Veya Raf Düzeni Kaynak Dewey Decimal Classification
Koha Öğesi Türü Kitaplar
999 ## - SİSTEM KONTROL NUMARALARI (KOHA)
Koha Biblionumber 9900
Koha Biblioitemnumber 9900
Mevcut
Kalıcı Konum Mevcut Konum Edinme Tarihi Edinim Kaynak Toplam Check-Out'Lar Tam Çağrı Numarası Barkod Tarih Son Görülme İtibaren Geçerli Fiyatlar Koha Öğesi Türü
CHP Kütüphanesi CHP Kütüphanesi 12/19/2017 Bağış   813.42 D35s 2017 017739 12/19/2017 12/19/2017 Kitaplar